Coleccion de Cortes de los reynos de León y de Castilla / (Record no. 184563)

MARC details
000 -LEADER
campo de control de longitud fija 00802nam a2200181 i 4500
001 - NÚMERO DE CONTROL
campo de control 184563
003 - IDENTIFICADOR DE NÚMERO DE CONTROL
campo de control ES-MaACL
005 - FECHA Y HORA DE LA ÚLTIMA TRANSACCIÓN
campo de control 20230906222227.0
008 - DATOS DE LONGITUD FIJA--INFORMACIÓN GENERAL
campo de control de longitud fija 151022s1836 sp |||| | spa d
245 00 - MENCIÓN DEL TÍTULO
Título Coleccion de Cortes de los reynos de León y de Castilla /
Mención de responsabilidad, etc. dada á luz por la Real Academia de la Historia.
260 ## - PUBLICACIÓN, DISTRIBUCIÓN, ETC.
Lugar de publicación, distribución, etc. [S.l.] :
Nombre del editor, distribuidor, etc. [s.n.],
Fecha de publicación, distribución, etc. 1836 (
Lugar de fabricación/manufactura Madrid :
Fabricante Imp. de Marcelino Calero y Portocarrero)
300 ## - DESCRIPCIÓN FÍSICA
Extensión 1 v. (pag. var.) ;
Dimensiones 26 cm.
500 ## - NOTA GENERAL
Nota general Son 38 cuadernos en 1 vol. con las actas de las Cortes de Castilla, Aragón, Cataluña y Navarra desde el siglo XI al XIV.
651 #4 - PUNTO DE ACCESO ADICIONAL DE MATERIA--NOMBRE GEOGRÁFICO
Nombre geográfico León (Reino)-
Subdivisión general Historia-
Subdivisión de forma Fuentes.
9 (RLIN) 157979
651 #4 - PUNTO DE ACCESO ADICIONAL DE MATERIA--NOMBRE GEOGRÁFICO
Nombre geográfico Castilla (Reino)-
Subdivisión general Historia-
Subdivisión de forma Fuentes.
9 (RLIN) 146746
710 2# - ENTRADA AGREGADA--NOMBRE DE ENTIDAD CORPORATIVA
Nombre de entidad corporativa o nombre de jurisdicción como elemento de entrada Real Academia de la Historia (España)
9 (RLIN) 6309
852 ## - LOCALIZACIÓN
Ubicación ES-MaACL
Número de control de estantería B-9449
Holdings
Estatus retirado Estado de pérdida Estado de daño No para préstamo Colección Biblioteca de origen Biblioteca actual Ubicación en estantería Fecha de adquisición Fuente de adquisición Total de préstamos Signatura topográfica completa Código de barras Visto por última vez Precio de reemplazo Tipo de ítem Koha
        Libros del s. XIX Biblioteca del Ateneo de Madrid Biblioteca del Ateneo de Madrid Sala Pardo Bazán 22/10/2015     B-9449 1194311 23/02/2023 23/02/2023 Libro impreso antiguo